Statistics for FC 24 TOTW 15

Click here to take the quiz!

General Stats

  • This quiz has been taken 4 times
  • The average score is 6 of 18

Answer Stats

ratposclubplayer% Correct
TOTW88CMAl HilalSergej Milinković-Savić
100%
TOTW86STBournemouthDominic Solanke
75%
TOTW86STBayer LeverkusenPatrik Schick
75%
TOTW85GKSS LazioIvan Provedel
50%
TOTW85STOGC NiceTerem Moffi
50%
TOTW83CMVfB StuttgartAngelo Stiller
25%
TOTW84CFMallorcaDani Rodríguez
25%
TOTW86RBReal MadridLucas Vázquez
25%
TOTW83CBAl-AhliMerih Demiral
25%
TOTW83STFenerbahçeMichy Batshuayi
25%
TOTW86CMFC BarcelonaSergi Roberto
25%
TOTW84CMParis Saint-GermainVitinha
25%
TOTW83LMBurnleyWilson Odobert
25%
TOTW83LBSD HuescaIgnasi Vilarrasa
0%
TOTW83STClub BruggeIgor Thiago
0%
TOTW83STBirmingham CityJuninho Bacuna
0%
TOTW83CAMBrestKamory Doumbia
0%
TOTW83CBInter MilanYann Aurel Bisseck
0%

Score Distribution

Percentile by Number Answered

Percent of People with Each Score

Your Score History

You have not taken this quiz